| 000 | 00693cam a22002651 4500 | ||
|---|---|---|---|
| 001 | sa 67003141 | ||
| 003 | DLC | ||
| 005 | 20260227112336.0 | ||
| 008 | 950303s1965 ii a 000 0 beno | ||
| 010 | _asa 67003141 | ||
| 025 | _aPL480:EP-B-1185 | ||
| 035 | _a(OCoLC)32084006 | ||
| 040 |
_aDLC _cCU _dCU _dDLC |
||
| 042 | _apremarc | ||
| 050 | 0 | 0 |
_aHQ525.I8 _bR3 |
| 100 | 1 |
_aRahim, Mohammad Abdur, _d1926- |
|
| 245 | 1 | 0 | _aSvāmī strīra karttabya. |
| 260 | _c[1965] | ||
| 300 |
_a9, 384 p. _bcol. illus. _c19 cm. |
||
| 500 | _aIn Bengali. | ||
| 650 | 0 |
_aMarriage _xReligious aspects _xIslam. |
|
| 650 | 0 | _aSex. | |
| 650 | 0 |
_aFamilies _zIslamic countries. |
|
| 740 | 0 | _aMilana tattva. | |
| 999 |
_c73653 _d73653 |
||